| 000 | 00344nam a2200145Ia 4500 | ||
|---|---|---|---|
| 008 | 230917s9999||||xx |||||||||||||| ||und|| | ||
| 040 |
_e48532 _aMAIN |
||
| 041 | _aEnglish | ||
| 082 | _a823.7 D555N | ||
| 100 | _aDickens, Charles | ||
| 245 | 0 | _aNicholas Nickleby | |
| 260 |
_aEngland _bPenguin Books _c1978 |
||
| 300 | _a974 p. | ||
| 942 | _cBK | ||
| 999 |
_c187487 _d187487 |
||